Visualizzazione normale
Vista MARC
- Natali Nuccia
di Personal Name
Records bibliografici associati: 1
001 - CONTROL NUMBER
- control field: 3105
003 - CONTROL NUMBER IDENTIFIER
- control field: IT-RoPau
005 - DATE AND TIME OF LATEST TRANSACTION
- control field: 20131123102915.0
008 - FIXED-LENGTH DATA ELEMENTS
- fixed length control field: 131123|| aca||aabn | a|a d
040 ## - CATALOGING SOURCE
- Original cataloging agency: IT-RoPau
- Transcribing agency: IT-RoPau
100 ## - HEADING--PERSONAL NAME
- Personal name: Natali Nuccia
- Dates associated with a name: Codice autore testo/musica SPICS: 13454
- Relator term: Autore testo/musica
- Name of part/section of a work: La bicicletta
670 ## - SOURCE DATA FOUND
- Source citation: Work cat.: (IT-RoPau)100109: AA.VV. 794, Sport e vacanze (disco)